| 000 | 00619nam a2200205 4500 | ||
|---|---|---|---|
| 001 | 143819 | ||
| 003 | ES-MaACL | ||
| 005 | 20230906200901.0 | ||
| 007 | t| | ||
| 008 | 070214s1964 sp r ||||1| spa d | ||
| 111 | 2 |
_aConcurso Literario Popular del Club CCC ( _n6º) _9135 |
|
| 245 | 1 | 0 | _aSexto Concurso Literario Popular del Club CCC. |
| 260 |
_aSan Sebastián : _bCCC, _c1964 ( _fHijos de M. Alvarez) |
||
| 300 |
_a134 p. ; _c20 cm. |
||
| 490 | 1 | _aEl salto de la fortuna | |
| 710 | 2 |
_aCCC. _92533 |
|
| 830 | 0 |
_aEl salto de la fortuna _9187286 |
|
| 852 |
_aES-MaACL _jC-26436 _bR.54609 |
||
| 999 |
_c143819 _d143819 |
||